Movies Quiz

Random Movies or Box Office Quiz

Top 15 Opening Weekends Quiz Stats

 Plays Quiz Updated Apr 7, 2015

Challenge
Share
Tweet
Embed
Score 0/15 Timer 02:00
1 Play Today
% Correct
Harry Potter and the Deathly Hallows Part 2
82.9%
Harry Potter and the Deathly Hallows Part 1
80.7%
The Dark Knight
78.7%
The Hunger Games: Catching Fire
77.5%
The Dark Knight Rises
77.4%
The Avengers
73.9%
The Twilight Saga: Breaking Dawn Part 2
69.9%
The Twilight Saga: Breaking Dawn Part 1
68.5%
% Correct
The Hunger Games
67.5%
Iron Man 3
63.5%
Pirates of the Caribbean: Dead Man's Chest
62.9%
Furious 7
62.6%
Iron Man 2
59%
The Twilight Saga: New Moon
55.5%
Spider-Man 3
50.9%

You're not logged in!

Compare scores with friends on all Sporcle quizzes.
Join for Free
OR
Log In

You Might Also Like...

Show Comments

Extras

Top Quizzes Today


Score Distribution

Your Account Isn't Verified!

In order to create a playlist on Sporcle, you need to verify the email address you used during registration. Go to your Sporcle Settings to finish the process.

Report this User

Report this user for behavior that violates our Community Guidelines.

Details: